[Event "Eastern Asia-ch U12"]
[Site "Tornelo INT"]
[Date "2021.10.30"]
[Round "5"]
[White "Medhvansh, Madeti"]
[Black "Bapaev, Amir"]
[Result "1/2-1/2"]
[WhiteElo "1087"]
[BlackElo "1393"]
[PlyCount "61"]
[EventDate "2021.10.29"]
[EventType "swiss"]
[EventRounds "9"]
[EventCountry "NET"]
[SourceTitle "EXT 2023"]
[Source "ChessBase"]
[SourceDate "2022.10.05"]
[SourceVersion "1"]
[SourceVersionDate "2022.10.05"]
[SourceQuality "1"]

1. e4 e5 2. Nf3 Nc6 3. Bc4 Bc5 4. c3 Nf6 5. d3 h6 6. 0-0 d6 7. h3 0-0 8. Nbd2 Be6 9. Bb3 Bxb3 10. Nxb3 Bb6 11. Re1 Re8 12. a4 a5 13. Nh4 Ne7 14. d4 Ng6 15. Nxg6 fxg6 16. d5 Rf8 17. Be3 Bxe3 18. Rxe3 Qd7 19. Nc1 Rf7 20. Nd3 Nh5 21. Qg4 Qxg4 22. hxg4 Nf4 23. Nxf4 exf4 24. Re2 f3 25. Re3 fxg2 26. Kxg2 Re8 27. Rae1 Rf4 28. f3 g5 29. c4 b6 30. b3 Kf7 31. e5 1/2-1/2

[Event "Eastern Asia-ch U12"]
[Site "Tornelo INT"]
[Date "2021.10.29"]
[Round "2"]
[White "Bapaev, Amir"]
[Black "Vihaan, Dumir"]
[Result "0-1"]
[WhiteElo "1393"]
[BlackElo "1135"]
[PlyCount "82"]
[EventDate "2021.10.29"]
[EventType "swiss"]
[EventRounds "9"]
[EventCountry "NET"]
[SourceTitle "EXT 2023"]
[Source "ChessBase"]
[SourceDate "2022.10.05"]
[SourceVersion "1"]
[SourceVersionDate "2022.10.05"]
[SourceQuality "1"]

1. e4 e6 2. d4 d5 3. exd5 exd5 4. Bd3 Bd6 5. Ne2 Nf6 6. Bf4 0-0 7. 0-0 Bg4 8. Bxd6 Qxd6 9. c3 Bh5 10. f3 Bg6 11. Bxg6 hxg6 12. Nd2 Nbd7 13. Nb3 Rfe8 14. Qd2 Nb6 15. Na5 Nc4 16. Nxc4 dxc4 17. Ng3 c6 18. Rfe1 b5 19. a3 c5 20. Ne2 Rad8 21. Rad1 a6 22. Qg5 Qd5 23. Qh4 Qc6 24. Qf2 cxd4 25. Nxd4 Rxe1+ 26. Rxe1 Qc5 27. g3 Nd5 28. Kg2 Qc7 29. Re4 Kf8 30. Qe2 Nf6 31. Re5 Qd7 32. h4 Re8 33. Rxe8+ Qxe8 34. Qxe8+ Nxe8 35. Nc6 Nc7 36. Kf2 Ke8 37. Ke3 Kd7 38. Ne5+ Ke6 39. f4 Nd5+ 40. Kd4 Nb6 41. Kc5 Na4+ 0-1